Two Old Faiths (Record no. 3192)
[ view plain ]
| 000 -LEADER | |
|---|---|
| fixed length control field | 00607nam a2200229 a 4500 |
| 020 ## - INTERNATIONAL STANDARD BOOK NUMBER | |
| ISBN | |
| 082 00 - DEWEY DECIMAL CLASSIFICATION NUMBER | |
| Classification number | 291 |
| Author Cutter | MIT |
| 100 ## - MAIN ENTRY--AUTHOR NAME | |
| Author name | Mitcheel, J Murray |
| 245 ## - TITLE STATEMENT | |
| Title | Two Old Faiths |
| Sub title | Essays on the Religions of the Hindus and the Mohammedans |
| 260 ## - PUBLICATION, DISTRIBUTION, ETC. (IMPRINT) | |
| Place of publication | Delhi |
| Name of publisher | Asian Educational Services |
| Year of publication | 1996 |
| 300 ## - PHYSICAL DESCRIPTION | |
| Number of Pages | 152p |
| 500 ## - GENERAL NOTE | |
| General note | includes index and biblioraphy |
| 505 2# - FORMATTED CONTENTS NOTE | |
| Formatted contents note | Conclusions |
| 650 ## - SUBJECT ADDED ENTRY--TOPICAL TERM | |
| Topical Term | Comparative Religion |
| 942 ## - ADDED ENTRY ELEMENTS (KOHA) | |
| Koha item type | Books |
| Collection code | Home library | Current library | Date acquired | Cost, normal purchase price | Full call number | Accession Number | Koha item type |
|---|---|---|---|---|---|---|---|
| Henry Martyn Institute Library | Henry Martyn Institute Library | 07/20/2007 | 165.00 | 291 MIT | 06722 | Books |
